Pays dans des triangles sur la carte du monde - Statistiques

Statistiques générales
  • Ce quiz a été pris 9 932 fois
  • Le résultat moyen est 164 sur 175
Réponses sur la Carte
Les réponses sont colorées sur une échelle allant du rouge au vert en fonction du pourcentage des utilisateurs qui les ont devinées à leur premier essai. Vous pouvez retrouver ces pourcentages ci-dessous.
 
Statistiques - réponses
Pays % Correct
Allemagne | Autriche | Belgique | Biélorussie | Danemark | France | Hongrie | Lettonie | Lituanie | Luxembourg | Moldavie | Pologne | République Tchèque | Roumanie | Russie | Slovaquie | Suède | Ukraine
100%
Antigua-et-Barbuda | Barbade | Brésil | Dominique | États-Unis | France | Grenade | Guyana | Haïti | Pays-Bas | République Dominicaine | Saint-Christophe- et-Niévès | Saint-Vincent-et-les-Grenadines | Sainte-Lucie | Trinité-et-Tobago | Venezuela
100%
Belize | Cuba | États-Unis | Jamaïque | Mexique
100%
Canada | États-Unis
100%
États-Unis | Mexique
100%
Afghanistan | Chine | Inde | Kazakhstan | Kirghizistan | Pakistan | Tadjikistan
99%
Afghanistan | Chine | Kazakhstan | Kirghizistan | Ouzbékistan | Pakistan | Tadjikistan
99%
Albanie | Allemagne | Autriche | Bosnie-Herzégovine | Bulgarie | Croatie | France | Grèce | Hongrie | Italie | Kosovo | Liechtenstein | Macédoine du Nord | Malte | Moldavie | Monténégro | Roumanie | Saint-Marin | Serbie | Slovaquie | Slovénie | Suisse | Ukraine | Vatican
99%
Algérie | Andorre | Espagne | France | Italie | Malte | Maroc | Monaco | Tunisie
99%
Algérie | Libye | Mali | Maroc | Mauritanie | Niger | Tunisie
99%
Allemagne | Belgique | Danemark | France | Luxembourg | Norvège | Pays-Bas | Royaume-Uni | Suède
99%
Argentine | Bolivie | Brésil | Chili | Paraguay | Pérou
99%
Argentine | Brésil | Paraguay
99%
Argentine | Brésil | Paraguay | Uruguay
99%
Arménie | Azerbaïdjan | Géorgie | Irak | Iran | Kazakhstan | Russie | Syrie | Turquie | Ukraine
99%
Australie | France | Îles Salomon | Vanuatu
99%
Bahamas | Cuba | États-Unis
99%
Bahamas | États-Unis | Haïti | République Dominicaine
99%
Bangladesh | Bhoutan | Birmanie | Chine | Inde | Laos | Thaïlande | Viêt Nam
99%
Bangladesh | Bhoutan | Chine | Inde | Népal | Pakistan
99%
Biélorussie | Estonie | Finlande | Lettonie | Lituanie | Russie | Suède | Ukraine
99%
Bolivie | Brésil | Pérou
99%
Brésil
99%
Brésil | Colombie | Costa Rica | Panama | Venezuela
99%
Brésil | Colombie | Équateur | Pérou | Venezuela
99%
Brésil | France | Guyana | Suriname
99%
Brésil | France | Guyana | Suriname | Venezuela
99%
Bulgarie | Chypre | Grèce | Irak | Israël | Jordanie | Liban | Moldavie | Roumanie | Russie | Syrie | Turquie | Ukraine
99%
Canada
99%
Canada | Danemark
99%
Chine
99%
Chine | Corée du Nord | Corée du Sud | Mongolie | Russie
99%
Chine | Kazakhstan | Mongolie
99%
Chine | Kazakhstan | Mongolie | Russie
99%
Chine | Mongolie
99%
Chine | Mongolie | Russie
99%
Chine | Philippines | Taïwan
99%
Comores | France | Madagascar | Malawi | Mozambique | Tanzanie | Zambie
99%
Corée du Sud | Japon | Russie
99%
Espagne | France | Portugal
99%
États-Unis
99%
Finlande | Norvège | Russie | Suède
99%
France | Irlande | Royaume-Uni
99%
France | Madagascar | Maurice
99%
Japon | Russie
99%
Kazakhstan | Russie
99%
Kazakhstan | Russie | Ukraine
99%
Mongolie | Russie
99%
Russie
99%
Afrique du Sud | Botswana | Eswatini | Malawi | Mozambique | Namibie | République Démocratique du Congo | Zambie | Zimbabwe
98%
Algérie | Égypte | Libye | Niger | Soudan | Tchad
98%
Algérie | Mali | Maroc | Mauritanie
98%
Arabie Saoudite | Bahreïn | Égypte | Émirats Arabes Unis | Irak | Koweït | Oman | Qatar | Soudan | Yémen
98%
Arabie Saoudite | Égypte | Irak | Israël | Jordanie | Liban | Libye | Soudan | Syrie
98%
Argentine | Bolivie | Chili | Pérou
98%
Argentine | Chili
98%
Argentine | Chili | Royaume-Uni
98%
Argentine | Chili | Uruguay
98%
Australie
98%
Australie | Îles Salomon
98%
Australie | Îles Salomon | Indonésie | Papouasie-Nouvelle-Guinée
98%
Australie | Indonésie | Timor Oriental
98%
Inde | Indonésie | Maldives | Sri Lanka
98%
Inde | Maldives
98%
Inde | Pakistan
98%
Afrique du Sud | Botswana | Eswatini | Lesotho | Mozambique | Namibie
97%
Afrique du Sud | Namibie
97%
Belize | Costa Rica | Guatemala | Honduras | Jamaïque | Mexique | Nicaragua | Salvador
97%
Bénin | Burkina Faso | Cameroun | Côte d'Ivoire | Ghana | Guinée Équatoriale | Liberia | Mali | Niger | Nigeria | République Centrafricaine | République du Congo | Togo
97%
Afghanistan | Arabie Saoudite | Bahreïn | Émirats Arabes Unis | Irak | Iran | Koweït | Oman | Pakistan | Qatar
96%
Brunei | Cambodge | Indonésie | Malaisie | Philippines | Thaïlande | Viêt Nam
96%
Burkina Faso | Côte d'Ivoire | Gambie | Ghana | Guinée | Guinée-Bissau | Liberia | Mali | Mauritanie | Niger | Sénégal | Sierra Leone
96%
Burundi | Kenya | Ouganda | République Démocratique du Congo | République du Congo | Rwanda | Somalie | Tanzanie | Zambie
96%
Cameroun | Niger | Nigeria | République Centrafricaine | République du Congo | Soudan | Tchad
96%
Danemark | Islande
96%
Éthiopie | Kenya | Ouganda | République Centrafricaine | République Démocratique du Congo | République du Congo | Somalie | Soudan | Soudan du Sud
96%
Arabie Saoudite | Djibouti | Érythrée | Éthiopie | Oman | Somalie | Soudan | Yémen
95%
Birmanie | Cambodge | Indonésie | Laos | Malaisie | Thaïlande | Viêt Nam
95%
Finlande | Norvège | Suède
95%
Norvège | Suède
95%
Angola | Botswana | Namibie | République Démocratique du Congo | Zambie
94%
Angola | Gabon | République Démocratique du Congo | République du Congo | Zambie
94%
Indonésie | Malaisie | Singapour
93%
Afghanistan | Irak | Iran | Kazakhstan | Ouzbékistan | Pakistan | Turkménistan
92%
Danemark
92%
Cameroun | Gabon | Guinée Équatoriale | République du Congo | Sao Tomé-et-Principe
91%
Indonésie | Papouasie-Nouvelle-Guinée
91%
Indonésie | Maldives
90%
Nouvelle-Zélande
90%
Indonésie
89%
Comores | Kenya | Malawi | Mozambique | Somalie | Tanzanie | Zambie
88%
Mexique
85%
Somalie | Yémen
82%
Seychelles | Somalie
81%
Équateur | Pérou
80%
Japon
79%
Philippines
79%
Fidji | Îles Salomon | Samoa | Tuvalu | Vanuatu
77%
Pérou
77%
Cap-Vert
75%
États Fédérés de Micronésie | Îles Marshall
71%
Îles Salomon | Kiribati | Tuvalu
71%
Espagne | Portugal
70%
Îles Salomon | Kiribati | Nauru
70%
États Fédérés de Micronésie | Palaos
64%
Namibie
62%
Kiribati
61%
Samoa | Tonga
61%
États Fédérés de Micronésie
60%
Îles Marshall
59%
Portugal
55%
Royaume-Uni
38%
Aucun quiz correspondant
Distribution des résultats
% des personnes avec chaque résultat
Percentile par nombre de réponses
Votre historique - résultats
Vous n’avez pas pris ce quiz